| Tag |
First Indicator |
Second Indicator |
Subfields |
| LEADER |
00000cam a22000004a 4500 |
| 001 |
in00002332575 |
| 005 |
20151108041912.0 |
| 008 |
070125s2007 enka b 001 0 eng |
| 010 |
|
|
|a 2007003252
|
| 020 |
|
|
|a 9780199269525 (alk. paper)
|
| 020 |
|
|
|a 0199269521 (alk. paper)
|
| 035 |
|
|
|a (OCoLC)ocm80460812
|
| 035 |
|
|
|a (OCoLC)80460812
|
| 040 |
|
|
|a DLC
|c DLC
|d BAKER
|d BTCTA
|d BWKUK
|d YDXCP
|d UtOrBLW
|
| 043 |
|
|
|a e------
|
| 049 |
|
|
|a TXAM
|
| 050 |
0 |
0 |
|a HC240.9.H53
|b C37 2007
|
| 082 |
0 |
0 |
|a 338.94
|2 22
|
| 100 |
1 |
|
|a Casper, Steven.
|
| 245 |
1 |
0 |
|a Creating Silicon Valley in Europe :
|b public policy towards new technology industries /
|c Steven Casper.
|
| 264 |
|
1 |
|a Oxford ;
|a New York :
|b Oxford University Press,
|c 2007.
|
| 300 |
|
|
|a xi, 218 pages :
|b illustrations ;
|c 24 cm.
|
| 336 |
|
|
|a text
|b txt
|2 rdacontent
|
| 337 |
|
|
|a unmediated
|b n
|2 rdamedia
|
| 338 |
|
|
|a volume
|b nc
|2 rdacarrier
|
| 504 |
|
|
|a Includes bibliographical references (pages 192-203) and index.
|
| 505 |
0 |
|
|a Introduction -- Varieties of capitalism and innovation : the Silicon Valley model -- How an American technology cluster emerged and became sustainable : San Diego biotechnology -- The German biotechnology industry : the limits of orchestrated innovation -- Biotechnology in the UK : good but not great -- Alternative pathways to competitiveness within CMEs : the subsector specialization argument -- Regional strategies to sustain radical innovation : Internet software -- Conclusion -- References.
|
| 650 |
|
0 |
|a High technology industries
|z Europe.
|
| 650 |
|
0 |
|a Industrial districts
|z Europe.
|
| 650 |
|
0 |
|a Research, Industrial
|z Europe.
|
| 856 |
4 |
1 |
|3 Table of contents only
|u http://www.loc.gov/catdir/toc/ecip079/2007003252.html
|t 0
|
| 938 |
|
|
|a Baker & Taylor
|b BKTY
|c 85.00
|d 85.00
|i 0199269521
|n 0007089275
|s active
|
| 938 |
|
|
|a Baker and Taylor
|b BTCP
|n 2007003252
|
| 938 |
|
|
|a YBP Library Services
|b YANK
|n 100454233
|
| 945 |
|
|
|a PromptCat
|b 221495
|
| 946 |
|
|
|a stk
|
| 947 |
|
|
|a A14836237080
|
| 948 |
|
|
|a cataloged
|b h
|c 2007/9/20
|d c
|e dmartine
|f 11:18:49 am
|
| 994 |
|
|
|a 92
|b TXA
|
| 999 |
|
|
|a MARS
|
| 999 |
f |
f |
|s eb387c04-a6f3-3bbd-a671-f7286a4fd635
|i e8d23bac-2086-3c3d-94cf-1f48a749198a
|t 0
|
| 952 |
f |
f |
|p ric
|a Texas A&M University
|b Rellis Campus
|c Joint Library Facility
|d Remote Storage
|t 0
|e HC240.9.H53 C37 2007
|h Library of Congress classification
|i unmediated -- volume
|m A14836237080
|
| 998 |
f |
f |
|a HC240.9.H53 C37 2007
|t 0
|l Remote Storage
|